| 000 | 00736nam a2200241 i 4500 | ||
|---|---|---|---|
| 001 | 183505 | ||
| 003 | ES-MaACL | ||
| 005 | 20251122063142.0 | ||
| 008 | 140707s2013 sp | |||||||| | spa d | ||
| 020 | _a978-84-9031-390-9 | ||
| 080 | _a159.922 | ||
| 080 | _a111.1 | ||
| 100 | 1 |
_aBlanco, Carlos, _d1986- _9154919 |
|
| 245 | 1 | 0 |
_aConciencia y mismidad / _cCarlos Blanco. |
| 260 |
_aMadrid : _bDykinson, _cD.L. 2013. |
||
| 300 |
_a315 p. ; _c24 cm. |
||
| 650 | 7 |
_aConciencia. _911241 |
|
| 650 |
_aOntología. _915705 |
||
| 852 |
_aES-MaACL _jA-13116 _9190446 _bR.149820 _cDEPO1 _dOlim: N-6116 _hDonación: Ilia Galán |
||
| 903 |
_aGalán, Ilia, _d1966- _ednr _9234259 |
||
| 942 |
_2udc _cMONOGRAFIA |
||
| 999 |
_c183505 _d183505 |
||